|
|
|
|
| LEADER |
01240nam a2200313 a 4500 |
| 001 |
c000221743 |
| 003 |
CARM |
| 005 |
20211106165439.0 |
| 008 |
751003s1975 fr r i00100 eng d |
| 010 |
|
|
|a 75-325752
|
| 019 |
1 |
|
|a 70236926
|5 LACONCORD2021
|
| 035 |
|
|
|a (OCoLC)1818801
|5 LACONCORD2021
|
| 040 |
|
|
|a VCAV
|c VCAV
|
| 041 |
0 |
|
|a engfre
|
| 050 |
0 |
0 |
|a T10.6
|b .U5 1975
|
| 082 |
0 |
4 |
|a 607
|
| 110 |
2 |
|
|a United Nations Educational, Scientific and Cultural Organization.
|
| 245 |
1 |
0 |
|a World guide to technical information and documentation services = :
|b Guide mondial des centres de documentation et d'information techniques.
|
| 250 |
|
|
|a 2d., rev. and enl.
|
| 260 |
|
|
|a Paris :
|b Unesco Press,
|c 1975.
|
| 300 |
|
|
|a 515 p. ;
|c 21 cm.
|
| 490 |
0 |
|
|a Documentation, libraries, and archives : Bibliographies and reference works ; 2
|
| 500 |
|
|
|a English or French.
|
| 500 |
|
|
|a "COM.74/XXIV.II.2/AF.".
|
| 500 |
|
|
|a Includes indexes.
|
| 650 |
|
0 |
|a Technology
|x Information services
|x Directories.
|
| 852 |
8 |
|
|b CARM
|h A1:AN37B0
|i B09123
|p 0421861
|f BK
|
| 999 |
f |
f |
|i 157fba25-7156-59b2-b267-bb4283c6c508
|s 7d6ee71c-2119-5f2f-a0e0-d59a1938fc3f
|
| 952 |
f |
f |
|p Can circulate
|a CAVAL
|b CAVAL
|c CAVAL
|d CARM 1 Store
|e B09123
|f A1:AN37B0
|h Other scheme
|i book
|m 0421861
|